Multinational Business Finance
Gespeichert in:
| 1. Verfasser: | |
|---|---|
| Weitere Verfasser: | , |
| Format: | Buch |
| Sprache: | Englisch |
| Veröffentlicht: |
Boston
Pearson/Addison Wesley
2004
|
| Ausgabe: | 10th ed. |
| Schriftenreihe: | <The> Addison-Wesley series in finance
|
| Schlagworte: | |
| Tags: |
Keine Tags, Fügen Sie das erste Tag hinzu!
|
MARC
| LEADER | 00000nam$a2200000$$$4500 | ||
|---|---|---|---|
| 001 | 0002676 | ||
| 005 | 20260105093348.7 | ||
| 020 | |a 0-321-20470-0 | ||
| 041 | 0 | |a eng | |
| 044 | |a US | ||
| 245 | 1 | 0 | |a Multinational Business Finance |c David K. Eiteman, Arthur I. Stonehill, Michael H. Moffett |
| 250 | |a 10th ed. | ||
| 264 | 1 | |a Boston |b Pearson/Addison Wesley |c 2004 | |
| 300 | |a 772 s. | ||
| 490 | 1 | |a <The> Addison-Wesley series in finance | |
| 830 | 0 | |a <The> Addison-Wesley series in finance | |
| 610 | 2 | 0 | |a financie podnikové |
| 610 | 2 | 0 | |a podnikanie medzinárodné |
| 610 | 2 | 0 | |a podnik multinacionálny |
| 610 | 2 | 0 | |a politika peňažná |
| 610 | 2 | 0 | |a mena |
| 610 | 2 | 0 | |a devízy |
| 610 | 2 | 0 | |a trh devízový |
| 610 | 2 | 0 | |a deriváty |
| 610 | 2 | 0 | |a financovanie podnikov |
| 610 | 2 | 0 | |a investície zahraničné |
| 610 | 2 | 0 | |a rozhodovanie investičné |
| 610 | 2 | 0 | |a riziko |
| 610 | 2 | 0 | |a dane |
| 610 | 2 | 0 | |a kapitál |
| 610 | 2 | 0 | |a manažment |
| 610 | 2 | 0 | |a fúzie |
| 610 | 2 | 0 | |a akvizícia |
| 610 | 2 | 0 | |a portfólio |
| 610 | 2 | 0 | |a financie medzinárodné |
| 100 | 1 | |a Eiteman, David K. | |
| 700 | 1 | |a Stonehill, Arthur I. | |
| 700 | 1 | |a Moffett, Michael H. | |